Catálogo

SHARED MEMORY MULTIPROCESSING (Registro nro. 13788)

Detalles MARC
000 -LEADER
fixed length control field 00403nam a2200145 a 4500
001 - CONTROL NUMBER
control field 13788
005 - DATE AND TIME OF LATEST TRANSACTION
control field 20180713202213.0
008 - FIXED-LENGTH DATA ELEMENTS--GENERAL INFORMATION
fixed length control field 140415s1992 000 0 spa d
041 ## - LANGUAGE CODE
Language code of text/sound track or separate title spa
082 ## - DEWEY DECIMAL CLASSIFICATION NUMBER
Classification number 004.35
Item number SHA
245 00 - TITLE STATEMENT
Title SHARED MEMORY MULTIPROCESSING
260 ## - PUBLICATION, DISTRIBUTION, ETC.
Place of publication, distribution, etc. [s.l.] :
Name of publisher, distributor, etc. THE MIT PRESS,
Date of publication, distribution, etc. 1992
300 ## - PHYSICAL DESCRIPTION
Extent 150
650 14 - SUBJECT ADDED ENTRY--TOPICAL TERM
Topical term or geographic name entry element MEMORIA MAGNETICA (COMPUTADORES)
General subdivision MULTIPROCESADOR
Existencias
Withdrawn status Lost status Source of classification or shelving scheme Damaged status Not for loan Collection code Home library Current library Shelving location Date acquired Source of acquisition Inventory number Total Checkouts Full call number Barcode Date last seen Price effective from Koha item type
    Dewey Decimal Classification     General Biblioteca Karol Wojtyla Biblioteca Karol Wojtyla Sala general 03/12/2013 Compra 151000000000000000064868   '004.35 SHA 30750 05/01/2026 03/12/2013 Libro